| 000 | 01160nam a2200265 i 4500 | ||
|---|---|---|---|
| 001 | 99718 | ||
| 003 | ES-MaACL | ||
| 005 | 20250929063142.0 | ||
| 007 | t| | ||
| 008 | 050915m18631971sp ||||1| spa d | ||
| 100 | 1 |
_aMartínez Alcubilla, Marcelo, _d1820-1900 _9129617 |
|
| 245 | 1 | 0 |
_aBoletín jurídico-administrativo : _bapéndice al Diccionario de la administración española, peninsular y ultramarina / _cpor D. Marcelo Martínez Alcubilla. |
| 246 | 3 | 3 | _aAnuario de Alcubilla |
| 260 |
_aMadrid : _bMarcelo Martínez Alcubilla, _c1863-1971. |
||
| 300 |
_a58 v. ; _c25 cm. |
||
| 500 | _aSuspendido entre 1936 y 1938. | ||
| 505 | 8 | _aContiene: 1877-1888; (1889: falta); 1900-1935; (1936-1938: faltan); 1939 | |
| 530 | _aDisponible en formato digital: 1888, 1889 y 1894. | ||
| 594 | _aSubtít. 1908-1968: anuario de legislación y jurisprudencia. | ||
| 650 | 7 |
_aDerecho- _zEspaña _2 _9141531 |
|
| 650 | 4 |
_aDerecho- _zEspaña- _vJurisprudencia. _9164920 |
|
| 852 | 4 |
_aES-MaACL _jC-15835-92 |
|
| 856 | 4 |
_uhttp://simurg.bibliotecas.csic.es/viewer/toc/CSIC000107090/0/ _zFondos digitalizados del CSIC _z(1888-89, 1894) |
|
| 999 |
_c99718 _d99718 |
||